00932cam a2200289 i 450000100090000000300040000900500170001300800410003001000170007102000190008804000280010704200080013505000210014308200210016410000200018524501140020526400600031930000290037933600210040833700250042933800230045450400670047765000150054465000240055965000250058370000340060818337442OSt20240920140656.0141017s2015 nju b 001 0 eng  a 2014041090 a9781118763780  aDLCbengcDLCerdadDLC apcc00aTP983b.B27 201500a668.5223bBAK/G1 aBaki, Gabriella10aIntroduction to cosmetic formulation and technology /cGabriella Baki, Ph.D., and Kenneth S. Alexander, Ph.D. 1aHoboken, New Jersey :bJohn Wiley & Sons, Inc.,c[2015] axviii,698 pages ;c24 cm atext2rdacontent aunmediated2rdamedia avolume2rdacarrier aIncludes bibliographical references (pages 674-677) and index. 0aCosmetics. 0aCosmetics industry. 0aToilet preparations.1 aAlexander, Kenneth S.,d1942-